is this an european city or not - Statistics

General Stats
  • This quiz has been taken 19 times
  • The average score is 11 of 15
Answers on the Grid
Answers color-coded by a green-red scale on the quiz's grid according to % correct below.
Warsaw
paris
ulaanbaatar
Dublin
columbus
korçë
pristina
Santa domingo
New york city
london
paramaribo
kourou
madrid
krk
Tokmok
vaduz
kuwait city
Västerås
oslo
varese
bucharest
lagos
abuja
Bo
freetown
Yaoundé
groningen
João Monlevade
Las Palmas de Gran Canaria
belo horizonte
 
Answer Stats
Answer % Correct
Dublin
100%
oslo
100%
paris
100%
Warsaw
100%
bucharest
86%
london
86%
madrid
86%
Las Palmas de Gran Canaria
71%
vaduz
71%
Västerås
71%
korçë
57%
pristina
57%
groningen
43%
krk
14%
varese
14%
No matching quizzes found
Score Distribution
Percent of People with Each Score
Percentile by Number Answered
Your Score History
You have not taken this quiz